Administración de proyectos para el desarrollo de nuevos productos: enfoque administrativo
Gardado en:
| Main Authors: | , |
|---|---|
| Formato: | Libro |
| Idioma: | Lingua castelá |
| Publicado: |
Nueva York
Ford Motor Company
1991
|
| Subjects: | |
| Tags: |
Engadir etiqueta
Sen Etiquetas, Sexa o primeiro en etiquetar este rexistro!
|
MARC
| LEADER | 00000nam a2200000 a 4500 | ||
|---|---|---|---|
| 001 | UCS2956 | ||
| 003 | CL-VaPUC | ||
| 008 | 970609e19910000US |||||||||||||||||spa|d | ||
| 082 | 0 | 4 | |a 658.404 |b BEL |2 21 |
| 100 | 0 | |a Beltrán, José Luis |e author |9 388858 | |
| 700 | 0 | |a Marmolejo, María Isabel |e author |9 388859 | |
| 245 | 1 | 0 | |a Administración de proyectos para el desarrollo de nuevos productos: enfoque administrativo |
| 300 | |a pág. irreg | ||
| 942 | |c BK | ||
| 945 | |d 19970609 00:00:00 |a amoreno | ||
| 260 | |a Nueva York |b Ford Motor Company |c 1991 | ||
| 650 | 7 | |a EJECUCION DE PROYECTOS |2 CL-VaPUC |9 361904 | |
| 650 | 7 | |a FORMULACION |2 CL-VaPUC |9 388860 | |
| 650 | 0 | |a Gestión |9 260993 | |
| 650 | 0 | |a Control |9 330602 | |
| 650 | 0 | |a Organización |9 256369 | |
| 650 | 7 | |a PLANIFICACION |2 CL-VaPUC |9 260802 | |
| 650 | 7 | |a CRONOGRAMAS |2 CL-VaPUC |9 388861 | |
| 650 | 7 | |a TABLAS |2 CL-VaPUC |9 262082 | |
| 583 | |a last modification |c 19970609 00:00:00 |k Rodrigo Vera | ||
| 999 | |c 260833 |d 260831 | ||
| 952 | |0 0 |1 0 |4 0 |6 658_404000000000000_BEL_1991 |7 0 |8 A |9 287350 |a BIBGIM |b BIBGIM |d 2019-11-19 |i 331197K |o 658.404 BEL 1991 |p 331197K |r 2025-01-15 |w 2019-11-19 |y BK |k GIM | ||